NFL Abbreviations - Statistics

General Stats
  • This quiz has been taken 115 times
    108 since last reset
  • The average score is 17 of 20
Answer Stats
Abbreviation Answer % Correct
FG Field Goal
99%
TD Touchdown
99%
FUM Fumble
98%
YDS Yards
98%
RB Running Back
96%
INT Interception
95%
TE Tight End
95%
QTR Quarter
94%
QB Quarterback
93%
WR Wide Receiver
93%
LG Left Guard
91%
CB Cornerback
88%
DT Defensive Tackle
86%
AFC American Football Conference
78%
NFC National Football Conference
76%
OLB Outside Linebacker
75%
PAT Point After Touchdown
68%
TFL Tackle for Loss
68%
SF Safety
64%
TGT Target
61%
No matching quizzes found
Score Distribution
Percent of People with Each Score
Percentile by Number Answered
Your Score History
You have not taken this quiz since the last reset